Drei rote Pfiffe - Liedtext / Lyrics - Statistiken

Allgemein
  • Dieses Quiz wurde 45 mal gespielt
  • Das Durchschnittsergebnis liegt bei 156 aus 244
Antwortstatistiken
Antwort % Korrekt
der
100%
Der
100%
die
100%
Die
100%
Pfiffe
100%
rote
100%
Da
96%
da
96%
drei
96%
das
92%
es
92%
ich
92%
Ich
92%
Ihr
92%
ihr
92%
und
88%
Und
88%
an/von
84%
sie
84%
ein
80%
Im
80%
im
80%
war
80%
ihre
76%
von
76%
Wald
76%
wie
76%
Wie
76%
Wir
76%
am
72%
den
72%
als
68%
an
68%
Bei
68%
dem
68%
Dort
68%
dort
68%
hab´
68%
in
68%
Kind
68%
Land
68%
mich
68%
mit
68%
alte
64%
euch
64%
ihrer
64%
noch
64%
was
64%
aus
60%
Enkel
60%
Frau
60%
Hand
60%
Hang
60%
heut
60%
Kreis
60%
nichts
60%
Rock
60%
trug
60%
über
60%
auf
56%
Eis
56%
erhobener
56%
euer
56%
genannt
56%
Haar
56%
haben
56%
hing
56%
Jetzt
56%
muss
56%
Partisanen
56%
so
56%
um
56%
uns
56%
unter
56%
vom
56%
Wand
56%
wird
56%
Bäume
52%
brach
52%
einen
52%
etwas
52%
Flugblätter
52%
geschuftet
52%
Glockenklang
52%
hatte
52%
Hitlerbild
52%
hört/seid
52%
Hut
52%
ist
52%
Kinder
52%
leis´
52%
Mond
52%
oben
52%
sich
52%
Verschwiegene
52%
Wälder
52%
zeigt
52%
Blut
48%
Boden
48%
Brot
48%
Christmette
48%
deutschem
48%
Drau
48%
eigenen
48%
Faschistenkrieg
48%
Gauleiter
48%
Haus
48%
kalt
48%
kamen
48%
Krieg
48%
Mann
48%
meine
48%
weiß
48%
Welt
48%
wuschen
48%
zeige
48%
ändern
44%
Bergknappen
44%
bleiben
44%
Bursch
44%
dunklen
44%
flüsterten
44%
Front
44%
Geflüster
44%
Geschichte
44%
Jelka
44%
List
44%
Manch
44%
nahmen
44%
vorbei
44%
waren
44%
Westen
44%
Lautesten
40%
Lindenwirt
40%
meiner
40%
Nazigesang
40%
tönte
40%
unsrer
40%
verschworener
40%
wieder
40%
alten
36%
dann
36%
entsprang
36%
erinnert
36%
Gestapo
36%
markiger
36%
Stille
36%
euren
32%
herum
32%
Rechten
32%
schalt
32%
stumm
32%
trampeln
32%
trieb
32%
viele
32%
Winter
32%
Erde
28%
gefochten
28%
Hass
28%
hinunter
28%
nass
28%
Pass
28%
sind´s
28%
wärmte
28%
Befreiung
24%
birgt
24%
heimlich
24%
kalten
24%
Berichte
20%
gewirkt
20%
Keine übereinstimmenden Quizze gefunden
Verteilung der Resultate
Anzahl Personen mit jedem Resultat
Perzentil nach korrekt beantworteten Fragen
Ihre Resultats-Entwicklung
Sie haben dieses Quiz noch nicht gespielt